00498nam a22001577a 4500010001500000020002600015035001400041037000900055082001200064100001800076245008300094260004300177270007500220300002000295700002500315 aENG-143083 a9789361636271c890.00 aEN-126615 bDBAD a616.075 aNagarajan, R. aExploringh the Unexplored:bHealth & Labour/cby R. Nagarajan [and] Blessy Rao aTamil NadubShanlax publicationsc2024 a61, 66 T.P.K. Main Road, Vasantha Nagar, bMadurai, Tamil Nadue625003 a377p.c25cm(pb) aRao, Blessy eAuthor